00253nam a2200085Ia 4500008004100000100002600041245004600067260004500113260000900158170620s9999 xx 000 0 und d aMohanty- Sunil Behari 0aImproving University and College Teaching bNew Delhi- A.P.H. Publishing corporation c2005